Ganadores del Balón de Oro - Estadísticas

Estadísticas generales
  • Esta prueba ha sido intentada 15.575 veces
    5.823 desde el último reinicio
  • La puntuación promedio es 45 de 69
Estadísticas de respuestas
Año Ganador % Correcto
2008 Cristiano Ronaldo
99%
2013 Cristiano Ronaldo
99%
2014 Cristiano Ronaldo
99%
2016 Cristiano Ronaldo
99%
2017 Cristiano Ronaldo
99%
2009 Lionel Messi
99%
2010 Lionel Messi
99%
2011 Lionel Messi
99%
2012 Lionel Messi
99%
2015 Lionel Messi
99%
2019 Lionel Messi
99%
2021 Lionel Messi
99%
2023 Lionel Messi
99%
1997 Ronaldo Nazário
97%
2002 Ronaldo Nazário
97%
2025 Ousmane Dembélé
96%
2024 Rodri Hernández
96%
2018 Luka Modrić
95%
2022 Karim Benzema
93%
2005 Ronaldinho Gaucho
92%
2007 Kaká
86%
1998 Zinedine Zidane
83%
2006 Fabio Cannavaro
82%
1957 Alfredo Di Stéfano
75%
1959 Alfredo Di Stéfano
75%
1971 Johan Cruyff
73%
1973 Johan Cruyff
73%
1974 Johan Cruyff
73%
1983 Michel Platini
72%
1984 Michel Platini
72%
1985 Michel Platini
72%
1963 Lev Yashin
70%
2000 Luís Figo
70%
2001 Michael Owen
70%
1960 Luis Suárez
68%
1988 Marco van Basten
68%
1989 Marco van Basten
68%
1992 Marco van Basten
68%
1972 Franz Beckenbauer
67%
1976 Franz Beckenbauer
67%
1999 Rivaldo
67%
2003 Pavel Nedvěd
66%
2004 Andriy Shevchenko
64%
1987 Ruud Gullit
62%
1970 Gerd Müller
56%
1995 George Weah
53%
1993 Roberto Baggio
53%
1966 Bobby Charlton
51%
1965 Eusébio da Silva
51%
1968 George Best
50%
1990 Lothar Matthäus
47%
1982 Paolo Rossi
43%
1994 Hristo Stoichkov
40%
1980 Karl-Heinz Rummenigge
38%
1981 Karl-Heinz Rummenigge
38%
1991 Jean-Pierre Papin
36%
1996 Matthias Sammer
36%
1958 Raymond Kopa
34%
1956 Stanley Matthews
30%
1964 Denis Law
23%
1969 Gianni Rivera
23%
1978 Kevin Keegan
23%
1979 Kevin Keegan
23%
1961 Omar Sívori
23%
1986 Igor Belánov
21%
1962 Josef Masopust
19%
1977 Allan Simonsen
18%
1967 Flórián Albert
17%
1975 Oleg Blojín
17%
No se encontraron pruebas coincidentes
Distribución de puntuación
Porcentaje de gente con cada puntuación
Porcentaje por número respondido
Historial de tus puntuaciones
No has intentado esta prueba desde el último reinicio